Loading...
| Literature - World Literature | 0 | 7 | 2 | 0 | 60 | 35 | 65.86 | 3 | 4 |
| Literature - American Literature | 0 | 5 | 0 | 0 | 50 | 62 | 78.20 | 0 | 2 |
| Literature - British Literature | 0 | 5 | 1 | 0 | 45 | 47 | 79.60 | 0 | 4 |
| Fine Arts - Classical Music | 0 | 4 | 0 | 2 | 40 | 42 | 87.75 | 1 | 1 |
| Literature - European Literature | 0 | 4 | 1 | 2 | 35 | 71 | 92.50 | 0 | 2 |
| Fine Arts - Other Fine Arts | 0 | 3 | 0 | 1 | 30 | 63 | 88.00 | 0 | 1 |
| Social Science | 0 | 2 | 0 | 1 | 20 | 84 | 94.50 | 0 | 0 |
| Mythology | 0 | 2 | 0 | 0 | 20 | 57 | 85.00 | 0 | 0 |
| Painting/Sculpture | 0 | 2 | 0 | 0 | 20 | 72 | 83.50 | 0 | 0 |
| Pop Culture | 0 | 2 | 0 | 0 | 20 | 15 | 28.00 | 0 | 1 |
| History - Other History | 0 | 2 | 0 | 2 | 20 | 114 | 116.50 | 0 | 0 |
| History - American History | 0 | 1 | 0 | 0 | 10 | 12 | 12.00 | 1 | 1 |
| History - European History | 0 | 1 | 0 | 1 | 10 | 73 | 73.00 | 0 | 0 |
| History - World History | 0 | 1 | 0 | 0 | 10 | 40 | 40.00 | 0 | 1 |
| Religion | 0 | 1 | 0 | 0 | 10 | 48 | 48.00 | 0 | 1 |